| 000 | 00798 a2200181 4500 | ||
|---|---|---|---|
| 003 | NUST | ||
| 005 | 20221116123718.0 | ||
| 020 | _a0830411593 | ||
| 040 | _cNust | ||
| 082 | _a512.9,STE | ||
| 100 | _aStein, Robert G. | ||
| 245 |
_aFundamentals of college algebra / _cRobert G. Stein |
||
| 260 |
_aNelson Hall _bChicago _c1986 |
||
| 300 | _a421 p.: | ||
| 505 | _aBasic Algebra (Page-1), Linear and Quadratic Equations (Page-49), Inequalities and Further Equation (Page-83), Functions and Graphs I (Page-113), Functions and Graphs (Page-149), Exponential Functions and Related Topics (Page-185), Logarithms (Page-213), Complex Number (Page-239), Conic Sections (Page-249), Linear Systems (Page-283), Counting and Probability (Page-331). | ||
| 650 |
_aAlgebra _98509 |
||
| 942 |
_2ddc _cBK _k512.9,STE |
||
| 999 |
_c193389 _d193389 |
||